000 00426nam a22001817a 4500
003 MPLRDC
005 20220104185116.0
008 210129b ||||| |||| 00| 0 eng d
020 _a7-5382-8677-9
082 _a848.2 LY-64
100 _a刘墉
245 _a啊啊
_c
250 _a一版一刷
260 _a中国
_b辽宁教育出版社
_c2010
300 _b
650 _a现代别集
942 _cBK
_o848.2 LY-64
999 _c63179
_d63169